[Event "Valasska Bystrice op"]
[Site "Valasska Bystrice"]
[Date "2023.09.14"]
[Round "7"]
[White "Zajicek, Tomas"]
[Black "Papan, Cyril"]
[Result "1-0"]
[WhiteElo "1939"]
[BlackElo "1857"]
[PlyCount "93"]
[EventDate "2023.09.09"]
[EventType "swiss"]
[EventRounds "9"]
[EventCountry "CZE"]
[SourceTitle "EXT 2024"]
[Source "ChessBase"]
[SourceDate "2023.10.10"]
[SourceVersion "1"]
[SourceVersionDate "2023.10.10"]
[SourceQuality "1"]

1. d4 d5 2. Bf4 c5 3. e3 e6 4. Nc3 Bd6 5. Bxd6 Qxd6 6. Qg4 g6 7. Nb5 Qb6 8. Qf4 Na6 9. dxc5 Qxc5 10. Nd6+ Ke7 11. Nxf7 Qb4+ 12. Qxb4+ Nxb4 13. Nxh8 Nxc2+ 14. Kd2 Nxa1 15. Nf3 Kf6 16. Nxg6 hxg6 17. Be2 Nb3+ 18. axb3 Bd7 19. Rc1 Rc8 20. Rxc8 Bxc8 21. Nd4 a6 22. f4 Bd7 23. Nf3 Be8 24. g4 Ne7 25. g5+ Kg7 26. Ne5 d4 27. e4 Bc6 28. Nxc6 Nxc6 29. Kd3 b5 30. e5 Kf7 31. Bf3 Na5 32. b4 Nc4 33. b3 Nb6 34. Kxd4 Nd7 35. Bb7 Nb8 36. Kc5 Ke7 37. Kb6 Kd7 38. Bxa6 Nxa6 39. Kxa6 Kc6 40. h4 Kd5 41. h5 gxh5 42. g6 Ke4 43. g7 Kxf4 44. g8Q Kxe5 45. Qg5+ Ke4 46. Qxh5 e5 47. Qe2+ 1-0

[Event "Valasska Bystrice op"]
[Site "Valasska Bystrice"]
[Date "2013.09.12"]
[Round "7"]
[White "Vlachopulos, Elefteris"]
[Black "Papan, Cyril"]
[Result "0-1"]
[WhiteElo "1768"]
[BlackElo "2032"]
[PlyCount "90"]
[EventDate "2013.09.07"]
[EventType "swiss"]
[EventRounds "9"]
[EventCountry "CZE"]
[SourceTitle "CBM 156 Extra"]
[Source "ChessBase"]
[SourceDate "2013.10.22"]
[SourceVersion "1"]
[SourceVersionDate "2013.10.22"]
[SourceQuality "1"]

1. d4 Nf6 2. Nf3 e6 3. c4 b6 4. Nc3 Bb4 5. Bg5 h6 6. Bh4 c5 7. e3 Bb7 8. Be2 d6 9. 0-0 Bxc3 10. bxc3 g5 11. Bg3 Ne4 12. Qc2 Nxg3 13. fxg3 Nd7 14. Nd2 Qe7 15. Bh5 Nf6 16. Bf3 Bxf3 17. Rxf3 0-0 18. Raf1 Nd7 19. g4 Kg7 20. Ne4 f5 21. gxf5 exf5 22. Ng3 Qe6 23. Nxf5+ Kh8 24. d5 Qg6 25. e4 Ne5 26. Rh3 h5 27. Qe2 g4 28. Rg3 Rf7 29. h3 Raf8 30. hxg4 hxg4 31. Rf4 Qg5 32. Rfxg4 Qc1+ 33. Kh2 Rh7+ 34. Rh4 Rff7 35. Rxh7+ Rxh7+ 36. Rh3 Qf4+ 37. g3 Rxh3+ 38. Kxh3 Qg5 39. g4 Kg8 40. Kg3 Ng6 41. Qe3 Qf6 42. g5 Qe5+ 43. Kg4 Qh2 44. Ng3 Ne5+ 45. Kf5 Qh3+ 0-1

[Event "Valasska Bystrice op"]
[Site "Valasska Bystrice"]
[Date "2013.09.11"]
[Round "6"]
[White "Papan, Cyril"]
[Black "Vaculik, Jakub"]
[Result "0-1"]
[WhiteElo "2032"]
[BlackElo "2005"]
[PlyCount "110"]
[EventDate "2013.09.07"]
[EventType "swiss"]
[EventRounds "9"]
[EventCountry "CZE"]
[SourceTitle "CBM 156 Extra"]
[Source "ChessBase"]
[SourceDate "2013.10.22"]
[SourceVersion "1"]
[SourceVersionDate "2013.10.22"]
[SourceQuality "1"]

1. d4 Nf6 2. Nf3 c5 3. c4 cxd4 4. Nxd4 g6 5. Nc3 Bg7 6. e3 0-0 7. Be2 d6 8. 0-0 Nc6 9. a3 a5 10. Ndb5 Be6 11. Nd5 Bxd5 12. cxd5 Na7 13. Nc3 Nd7 14. Bd2 Nc8 15. Rc1 Ncb6 16. e4 Nc5 17. f3 f5 18. b4 axb4 19. axb4 Nca4 20. Nb5 Rc8 21. Qb3 Qd7 22. Be3 Rxc1 23. Rxc1 Rc8 24. Rc2 Rxc2 25. Qxc2 Kf7 26. exf5 gxf5 27. Qb3 f4 28. Bd4 Qf5 29. Bxg7 Kxg7 30. Nc7 Qe5 31. Qd3 Qe3+ 32. Qxe3 fxe3 33. Ne6+ Kf6 34. Nd8 Nxd5 35. Nxb7 Nxb4 36. Na5 Nc3 37. Kf1 d5 38. Nb3 Ke5 39. g3 d4 40. Nc1 Kd5 41. g4 Ke5 42. Bc4 Kf4 43. Kg2 h6 44. h4 e5 45. Be2 e4 46. fxe4 Nxe4 47. h5 Nc5 48. Kh3 d3 49. Bxd3 Nbxd3 50. Ne2+ Ke4 51. g5 hxg5 52. h6 Ne5 53. h7 Ng6 54. Kg4 Kd3 55. Ng3 Ne4 0-1

[Event "Ostrava Konik op-A"]
[Site "Ostrava"]
[Date "2012.05.01"]
[Round "4"]
[White "Papan, Cyril"]
[Black "Snajdr, Tomas"]
[Result "1/2-1/2"]
[WhiteElo "2059"]
[BlackElo "1968"]
[PlyCount "130"]
[EventDate "2012.04.28"]
[EventType "swiss"]
[EventRounds "9"]
[EventCountry "CZE"]
[SourceTitle "CBM 148 Extra"]
[Source "ChessBase"]
[SourceDate "2012.06.22"]
[SourceVersion "1"]
[SourceVersionDate "2012.06.22"]
[SourceQuality "1"]

1. d4 d5 2. c4 e6 3. Nc3 Nf6 4. Nf3 Nbd7 5. e3 c6 6. Bd3 Be7 7. Qc2 dxc4 8. Bxc4 b5 9. Be2 Bb7 10. 0-0 0-0 11. Rd1 a6 12. Ne5 Qb6 13. Nxd7 Nxd7 14. e4 Nf6 15. Be3 Qa5 16. Bf3 Rac8 17. a3 Rfd8 18. Qe2 Qc7 19. g3 c5 20. Bf4 Qb6 21. d5 exd5 22. e5 Ne4 23. Nxe4 dxe4 24. Bxe4 Bxe4 25. Qxe4 h6 26. Be3 Qc7 27. Qf5 Qc6 28. Rac1 c4 29. Re1 Qd7 30. Qh5 Qe6 31. Qf3 Rd5 32. Kg2 Rxe5 33. Red1 Bf6 34. Rc2 Qc6 35. h4 Qxf3+ 36. Kxf3 Re6 37. Rd5 Rec6 38. Ke2 c3 39. b4 Kf8 40. Bc5+ Ke8 41. Kd3 Re6 42. Bd4 Bxd4 43. Kxd4 Re1 44. Rc5 Rd1+ 45. Kxc3 Rxc5+ 46. bxc5 Kd7 47. Re2 a5 48. c6+ Kxc6 49. Re7 Rd7 50. Re8 h5 51. Ra8 Kb6 52. Rb8+ Rb7 53. Re8 Rc7+ 54. Kb2 g6 55. Re5 Kc6 56. Re8 Kc5 57. Ra8 Kb6 58. Rb8+ Rb7 59. Re8 Rd7 60. Kc3 Rc7+ 61. Kb2 b4 62. axb4 axb4 63. Kb3 Kc5 64. Re4 Kd5 65. Rxb4 Ke5 1/2-1/2

[Event "Ostrava Konik op-A"]
[Site "Ostrava"]
[Date "2012.04.28"]
[Round "2"]
[White "Papan, Cyril"]
[Black "Maltsev, Leonid"]
[Result "1/2-1/2"]
[WhiteElo "2059"]
[BlackElo "1907"]
[PlyCount "103"]
[EventDate "2012.04.28"]
[EventType "swiss"]
[EventRounds "9"]
[EventCountry "CZE"]
[SourceTitle "CBM 148 Extra"]
[Source "ChessBase"]
[SourceDate "2012.06.22"]
[SourceVersion "1"]
[SourceVersionDate "2012.06.22"]
[SourceQuality "1"]

1. d4 f5 2. e4 fxe4 3. Nc3 Nf6 4. Bg5 Nc6 5. d5 Ne5 6. Qd4 Nf7 7. Bxf6 exf6 8. Nxe4 f5 9. Ng3 g6 10. Nf3 Bh6 11. Bc4 Qe7+ 12. Kf1 0-0 13. d6 Qxd6 14. Qxd6 cxd6 15. Rd1 Kg7 16. h4 Ne5 17. Bd5 Nxf3 18. Bxf3 Bf4 19. Ne2 Be5 20. h5 Rb8 21. hxg6 hxg6 22. c3 b6 23. b3 Ba6 24. c4 Rbc8 25. a4 Rc7 26. Bd5 g5 27. Rd3 g4 28. f3 Kg6 29. f4 Bf6 30. Re3 Rcc8 31. Ke1 Rce8 32. Kd2 Rxe3 33. Kxe3 Rh8 34. Rxh8 Bxh8 35. Kd3 Bb2 36. b4 Kf6 37. Kc2 Ba1 38. g3 Ke7 39. Kb3 Bh8 40. b5 Bc8 41. a5 bxa5 42. Ka4 Kd8 43. Kxa5 Kc7 44. Kb4 Bb7 45. Kb3 Bxd5 46. cxd5 Kb6 47. Kc4 a6 48. bxa6 Kxa6 49. Nc1 Bf6 50. Nb3 Bb2 51. Kb4 Bf6 52. Kc4 1/2-1/2

[Event "Ostrava Konik op-A"]
[Site "Ostrava"]
[Date "2012.04.28"]
[Round "1"]
[White "Vojtek, Vladimir"]
[Black "Papan, Cyril"]
[Result "1-0"]
[WhiteElo "2345"]
[BlackElo "2059"]
[PlyCount "127"]
[EventDate "2012.04.28"]
[EventType "swiss"]
[EventRounds "9"]
[EventCountry "CZE"]
[SourceTitle "CBM 148 Extra"]
[Source "ChessBase"]
[SourceDate "2012.06.22"]
[SourceVersion "1"]
[SourceVersionDate "2012.06.22"]
[SourceQuality "1"]

1. e4 c5 2. Nf3 Nc6 3. d4 cxd4 4. Nxd4 e5 5. Nb5 a6 6. Nd6+ Bxd6 7. Qxd6 Qf6 8. Qd2 Qg6 9. Nc3 Nf6 10. Qg5 b5 11. Bd3 Bb7 12. a4 b4 13. Ne2 0-0 14. 0-0 h6 15. Qxg6 fxg6 16. Be3 d6 17. f3 Rfc8 18. Rfd1 Kf8 19. Rd2 Ke7 20. Rad1 Nd8 21. Kf2 Ne6 22. Bb6 Nc5 23. Bxc5 Rxc5 24. Nc1 d5 25. exd5 Rxd5 26. Bxg6 Rxd2+ 27. Rxd2 a5 28. Nd3 Rd8 29. Re2 Nd7 30. Bf5 Kf6 31. Bxd7 Rxd7 32. Nxe5 Rd5 33. f4 Ba6 34. Ng4+ Kf7 35. Re5 Rd2+ 36. Ke3 Rxc2 37. Rxa5 Bf1 38. Ra7+ Kg8 39. g3 Rxb2 40. Kd4 Ra2 41. Ne3 Be2 42. Nf5 Bd1 43. Rxg7+ Kf8 44. Rb7 Rxa4 45. Ne3 Bf3 46. Rb6 h5 47. Ke5 Ra2 48. h3 Rh2 49. h4 Rh3 50. Nf5 Bg4 51. Rf6+ Ke8 52. Nd6+ Ke7 53. Rf7+ Kd8 54. Ne4 b3 55. Kd6 Ke8 56. Rb7 Kf8 57. Rxb3 Kg7 58. Ke5 Rh2 59. f5 Ra2 60. Rb7+ Kf8 61. Rb8+ Kg7 62. f6+ Kh7 63. f7 Ra5+ 64. Kd4 1-0

[Event "CZE-chT2F 1112"]
[Site "Czech Republic"]
[Date "2012.03.25"]
[Round "10.24"]
[White "Podlesny, Pavel"]
[Black "Papan, Cyril"]
[Result "1/2-1/2"]
[WhiteElo "2079"]
[BlackElo "2086"]
[PlyCount "130"]
[EventDate "2011.10.09"]
[EventType "team-tourn"]
[EventRounds "11"]
[EventCountry "CZE"]
[SourceTitle "EXT 2013"]
[Source "ChessBase"]
[SourceDate "2012.11.22"]
[SourceVersion "1"]
[SourceVersionDate "2012.11.22"]
[SourceQuality "1"]
[WhiteTeam "Koprivnice Tatra"]
[BlackTeam "Havirov"]
[WhiteTeamCountry "CZE"]
[BlackTeamCountry "CZE"]

1. d4 d5 2. c4 c6 3. Nc3 Nf6 4. Nf3 Bf5 5. Qb3 Qb6 6. Qxb6 axb6 7. Bf4 dxc4 8. a4 Na6 9. Ne5 Nb4 10. 0-0-0 Bc2 11. Rd2 Bb3 12. e4 b5 13. d5 Bxa4 14. dxc6 bxc6 15. Be2 Bb3 16. Kb1 e6 17. Ng4 Be7 18. Nxf6+ Bxf6 19. Bd6 Be7 20. h4 Bxd6 21. Rxd6 Ke7 22. e5 Ra7 23. Rh3 Rd8 24. Rxd8 Kxd8 25. Rg3 g6 26. h5 Bc2+ 27. Kc1 Bf5 28. hxg6 hxg6 29. Nd1 Nd3+ 30. Bxd3 cxd3 31. Re3 b4 32. g4 Bxg4 33. Rxd3+ Ke7 34. Ne3 Be2 35. Rd6 Rc7 36. Kd2 Ba6 37. Nc2 b3 38. Nd4 Bc4 39. Nxc6+ Kf8 40. Ke3 Bd5 41. Nb4 Rc5 42. Nxd5 exd5 43. Rb6 Rc4 44. f3 Ke7 45. Rxb3 Ke6 46. Rb7 Kxe5 47. Rxf7 Rb4 48. Re7+ Kf6 49. Rd7 Ke5 50. Re7+ Kf5 51. Rd7 Ke6 52. Rg7 Ke5 53. Re7+ Kf5 54. Rf7+ Kg5 55. b3 Rxb3+ 56. Kd4 Rb5 57. f4+ Kh5 58. f5 g5 59. Rg7 g4 60. f6 Rb6 61. Ke5 Rb1 62. Kxd5 Rd1+ 63. Ke6 Re1+ 64. Kd7 Rd1+ 65. Ke8 Kh4 1/2-1/2

[Event "CZE-chT2F 1112"]
[Site "Czech Republic"]
[Date "2012.03.04"]
[Round "9.65"]
[White "Szotkowski, Jakub"]
[Black "Papan, Cyril"]
[Result "1-0"]
[WhiteElo "2008"]
[BlackElo "2086"]
[PlyCount "113"]
[EventDate "2011.10.09"]
[EventType "team-tourn"]
[EventRounds "11"]
[EventCountry "CZE"]
[SourceTitle "EXT 2013"]
[Source "ChessBase"]
[SourceDate "2012.11.22"]
[SourceVersion "1"]
[SourceVersionDate "2012.11.22"]
[SourceQuality "1"]
[WhiteTeam "Havirov Slovan"]
[BlackTeam "Koprivnice Tatra"]
[WhiteTeamCountry "CZE"]
[BlackTeamCountry "CZE"]

1. Nf3 Nf6 2. g3 b6 3. Bg2 Bb7 4. 0-0 c5 5. d3 d6 6. e4 Nbd7 7. b3 Qc7 8. Bb2 g6 9. Na3 Rd8 10. Rc1 Bg7 11. Re1 e5 12. Nc4 0-0 13. a4 a6 14. c3 d5 15. exd5 Nxd5 16. Qc2 b5 17. axb5 axb5 18. Ne3 N7b6 19. Qe2 Rfe8 20. Qf1 Nxe3 21. fxe3 Qd7 22. Rcd1 Qd6 23. Nxe5 Bxe5 24. Bxb7 b4 25. Bf3 Qe6 26. d4 bxc3 27. Bxc3 Qxb3 28. Ba5 Bc7 29. Rb1 Qe6 30. dxc5 Na8 31. Bc3 Be5 32. Bd4 Nc7 33. Qf2 Qf6 34. Rb6 Ne6 35. Bc6 Nxd4 36. Bxe8 Nf3+ 37. Kh1 Qf5 38. Rf1 Rxe8 39. Qxf3 Qxf3+ 40. Rxf3 Rc8 41. c6 f6 42. Kg2 Kf7 43. Rf2 Ke6 44. Rd2 Bc7 45. Ra6 h5 46. Kf3 g5 47. h3 f5 48. Rd7 g4+ 49. hxg4 hxg4+ 50. Kf2 Bd6 51. Rg7 Kd5 52. Ra5+ Ke4 53. Rg6 Bb8 54. Re6+ Kd3 55. Rxf5 Rh8 56. Kg2 Rh3 57. Rf4 1-0

[Event "Ostrava Konik op-A"]
[Site "Ostrava"]
[Date "2011.05.04"]
[Round "5"]
[White "Papan, Cyril"]
[Black "Dvorak, Vladimir"]
[Result "1/2-1/2"]
[WhiteElo "2119"]
[BlackElo "1996"]
[PlyCount "59"]
[EventDate "2011.04.30"]
[EventType "swiss"]
[EventRounds "9"]
[EventCountry "CZE"]
[SourceTitle "CBM 142 Extra"]
[Source "ChessBase"]
[SourceDate "2011.06.27"]
[SourceVersion "1"]
[SourceVersionDate "2011.06.27"]
[SourceQuality "1"]

1. d4 e6 2. c4 f5 3. Nc3 Bb4 4. Qb3 c5 5. d5 e5 6. g3 Nf6 7. Bg2 0-0 8. Bg5 h6 9. Bd2 d6 10. e3 Bxc3 11. Bxc3 Ne4 12. Ne2 Nd7 13. f3 Nxc3 14. Qxc3 Nf6 15. 0-0 Qe7 16. Rae1 Bd7 17. Qc2 b5 18. b3 b4 19. Bh3 Nh7 20. Bg2 a5 21. Ra1 a4 22. Qb2 a3 23. Qd2 g5 24. Rae1 Rf6 25. Nc1 Raf8 26. Rf2 h5 27. Bh1 Kf7 28. Qc2 Ke8 29. Qd1 Kd8 30. Bg2 1/2-1/2

[Event "Ostrava Konik op-A"]
[Site "Ostrava"]
[Date "2011.05.01"]
[Round "2"]
[White "Snajdr, Tomas"]
[Black "Papan, Cyril"]
[Result "0-1"]
[WhiteElo "1978"]
[BlackElo "2119"]
[PlyCount "91"]
[EventDate "2011.04.30"]
[EventType "swiss"]
[EventRounds "9"]
[EventCountry "CZE"]
[SourceTitle "CBM 142 Extra"]
[Source "ChessBase"]
[SourceDate "2011.06.27"]
[SourceVersion "1"]
[SourceVersionDate "2011.06.27"]
[SourceQuality "1"]

1. c4 Nf6 2. Nc3 c5 3. e4 Nc6 4. g3 d6 5. Bg2 Bg4 6. f3 Be6 7. d3 g6 8. Nge2 Bg7 9. Be3 0-0 10. 0-0 Bd7 11. Qd2 Re8 12. h3 e5 13. Bh6 Nd4 14. Bxg7 Kxg7 15. Nxd4 cxd4 16. Nd5 Nxd5 17. exd5 f5 18. f4 Qf6 19. Rae1 b6 20. b3 Rad8 21. b4 Rc8 22. b5 e4 23. dxe4 fxe4 24. Rxe4 Rxe4 25. Bxe4 Rxc4 26. g4 d3 27. Qxd3 Qd4+ 28. Qxd4+ Rxd4 29. Bg2 Bxb5 30. Rf2 Bc4 31. f5 gxf5 32. Rxf5 Bxa2 33. g5 Bc4 34. Rf6 Bxd5 35. Rxd6 Rd1+ 36. Kh2 Bf3 37. Rf6 Bxg2 38. Kxg2 Rd7 39. Rc6 b5 40. h4 b4 41. h5 b3 42. h6+ Kf7 43. g6+ hxg6 44. Rc8 Kf6 45. Rb8 Kg5 46. h7 0-1

[Event "Ostrava Konik op-A"]
[Site "Ostrava"]
[Date "2011.04.30"]
[Round "1"]
[White "Papan, Cyril"]
[Black "Dolezal, Radoslav"]
[Result "0-1"]
[WhiteElo "2119"]
[BlackElo "2404"]
[PlyCount "102"]
[EventDate "2011.04.30"]
[EventType "swiss"]
[EventRounds "9"]
[EventCountry "CZE"]
[SourceTitle "CBM 142 Extra"]
[Source "ChessBase"]
[SourceDate "2011.06.27"]
[SourceVersion "1"]
[SourceVersionDate "2011.06.27"]
[SourceQuality "1"]

1. d4 d5 2. c4 e6 3. Nc3 Nf6 4. Bg5 Nbd7 5. cxd5 exd5 6. Nf3 c6 7. Qc2 Be7 8. e3 0-0 9. Bd3 Re8 10. 0-0 Nf8 11. Ne5 Ng4 12. Bxe7 Qxe7 13. Nf3 Qd6 14. e4 dxe4 15. Nxe4 Qf4 16. Rae1 Bf5 17. Nc5 Bxd3 18. Nxd3 Qd6 19. Qc5 Qxc5 20. dxc5 Ne6 21. b4 a5 22. a3 Red8 23. Nb2 Nf6 24. Ne5 axb4 25. axb4 Rd4 26. Nbc4 Nd5 27. Nd6 Rxb4 28. Ra1 Rf8 29. Ra5 Nc3 30. Re1 Ne2+ 31. Kf1 N2d4 32. g3 Nb3 33. Ra7 Nbxc5 34. Rea1 f6 35. Nec4 Rd8 36. Ra8 Rb1+ 37. Rxb1 Rxa8 38. Re1 b5 39. Ne3 Rd8 40. Ndf5 Rd7 41. Nc2 g6 42. Nfe3 Nd3 43. Rb1 Nec5 44. Ke2 Ne4 45. Ra1 Ndxf2 46. Kf3 Rd2 47. h4 f5 48. Nb4 Nd3 49. Nxd3 Rxd3 50. g4 Nc3 51. Kf4 Ne2+ 0-1

[Event "Tatry op"]
[Site "Tatranske Zruby"]
[Date "2010.10.07"]
[Round "7"]
[White "Zemlicka, Vit"]
[Black "Papan, Cyril"]
[Result "0-1"]
[WhiteElo "1962"]
[BlackElo "2091"]
[PlyCount "68"]
[EventDate "2010.10.02"]
[EventType "swiss"]
[EventRounds "9"]
[EventCountry "SVK"]
[SourceTitle "CBM 138 Extra"]
[Source "ChessBase"]
[SourceDate "2010.10.29"]
[SourceVersion "1"]
[SourceVersionDate "2010.10.29"]
[SourceQuality "1"]

1. e4 c5 2. Nf3 Nc6 3. d4 cxd4 4. Nxd4 Nf6 5. Nc3 e5 6. Ndb5 d6 7. Bg5 a6 8. Na3 b5 9. Nd5 Be7 10. Bxf6 Bxf6 11. c3 0-0 12. Nc2 Rb8 13. Bd3 Bg5 14. 0-0 Kh8 15. Nce3 g6 16. a4 f5 17. axb5 axb5 18. f3 Ne7 19. Kh1 Be6 20. Bc2 Bxe3 21. Nxe3 Qb6 22. Qd2 f4 23. Nd5 Bxd5 24. exd5 Ra8 25. g4 Kg7 26. Kg2 Rfb8 27. Be4 Qc5 28. Qf2 Qc7 29. Rfd1 h6 30. Qh4 Qd8 31. Bc2 Nf5 32. Qxd8 Ne3+ 33. Kf2 Nxd1+ 34. Rxd1 Rxd8 0-1

[Event "Tatry op"]
[Site "Tatranske Zruby"]
[Date "2010.10.03"]
[Round "2"]
[White "Vojtek, Vladimir"]
[Black "Papan, Cyril"]
[Result "1-0"]
[WhiteElo "2296"]
[BlackElo "2091"]
[PlyCount "53"]
[EventDate "2010.10.02"]
[EventType "swiss"]
[EventRounds "9"]
[EventCountry "SVK"]
[SourceTitle "CBM 138 Extra"]
[Source "ChessBase"]
[SourceDate "2010.10.29"]
[SourceVersion "1"]
[SourceVersionDate "2010.10.29"]
[SourceQuality "1"]

1. e4 e6 2. d4 d5 3. Nc3 Bb4 4. Nge2 Nf6 5. a3 Bxc3+ 6. Nxc3 dxe4 7. Bg5 h6 8. Bxf6 gxf6 9. Nxe4 f5 10. Nc3 Rg8 11. g3 Rg4 12. f4 Bd7 13. Bg2 Nc6 14. d5 Ne7 15. dxe6 fxe6 16. Qe2 c6 17. 0-0-0 Qc7 18. Ne4 0-0-0 19. Nd6+ Kb8 20. Nf7 Rgg8 21. Nxd8 Rxd8 22. Rhe1 Kc8 23. Rd3 Re8 24. Qe3 c5 25. Rxd7 Qxd7 26. Qxe6 Rd8 27. Bxb7+ 1-0

[Event "Ostrava op"]
[Site "Ostrava"]
[Date "2010.05.09"]
[Round "9"]
[White "Tichy, Miroslav2222"]
[Black "Papan, Cyril"]
[Result "1/2-1/2"]
[WhiteElo "2030"]
[BlackElo "2100"]
[PlyCount "37"]
[EventDate "2010.05.01"]
[EventType "swiss"]
[EventRounds "9"]
[EventCountry "CZE"]
[SourceTitle "EXT 2011"]
[Source "ChessBase"]
[SourceDate "2010.11.26"]
[SourceVersion "1"]
[SourceVersionDate "2010.11.26"]
[SourceQuality "1"]

1. c4 c5 2. Nc3 Nc6 3. g3 b6 4. Bg2 Bb7 5. e4 g6 6. f4 Nd4 7. Nf3 Bg7 8. 0-0 e6 9. d3 Ne7 10. Nb5 Nxb5 11. cxb5 d5 12. Qe2 a6 13. f5 gxf5 14. exf5 Nxf5 15. Ng5 Bd4+ 16. Kh1 Qc7 17. g4 h6 18. Nxf7 Qxf7 19. gxf5 1/2-1/2

[Event "Ostrava op"]
[Site "Ostrava"]
[Date "2010.05.08"]
[Round "8"]
[White "Papan, Cyril"]
[Black "Snajdr, Tomas"]
[Result "1-0"]
[WhiteElo "2100"]
[BlackElo "1975"]
[PlyCount "63"]
[EventDate "2010.05.01"]
[EventType "swiss"]
[EventRounds "9"]
[EventCountry "CZE"]
[SourceTitle "EXT 2011"]
[Source "ChessBase"]
[SourceDate "2010.11.26"]
[SourceVersion "1"]
[SourceVersionDate "2010.11.26"]
[SourceQuality "1"]

1. d4 d5 2. c4 e6 3. Nc3 Nf6 4. Nf3 c6 5. e3 Nbd7 6. Bd3 Bd6 7. 0-0 0-0 8. e4 dxe4 9. Nxe4 Nxe4 10. Bxe4 Nf6 11. Bc2 h6 12. Qd3 b6 13. Re1 c5 14. b3 Bb7 15. Bb2 Bxf3 16. Qxf3 cxd4 17. Rad1 e5 18. Qh3 Nh7 19. Qd3 f5 20. b4 Ng5 21. c5 bxc5 22. bxc5 Bc7 23. f4 exf4 24. Qc4+ Kh8 25. Bxd4 Qb8 26. Re7 Rg8 27. Qa6 Nf7 28. Rxf7 Be5 29. Bf2 Qe8 30. Qg6 Rd8 31. Rxd8 Qxd8 32. Qxf5 1-0

[Event "Valasska Bystrice op"]
[Site "Valasska Bystrice"]
[Date "2009.09.19"]
[Round "9"]
[White "Babula, Milan"]
[Black "Papan, Cyril"]
[Result "1-0"]
[WhiteElo "2285"]
[BlackElo "2088"]
[PlyCount "91"]
[EventDate "2009.09.12"]
[EventType "swiss"]
[EventRounds "9"]
[EventCountry "CZE"]
[SourceTitle "CBM 132 Extra"]
[Source "ChessBase"]
[SourceDate "2009.11.03"]
[SourceVersion "1"]
[SourceVersionDate "2009.11.03"]
[SourceQuality "1"]

1. e4 c5 2. Nf3 Nc6 3. Bb5 a6 4. Bxc6 bxc6 5. d3 g6 6. 0-0 Bg7 7. Nbd2 d6 8. Re1 e5 9. Nc4 Ne7 10. Bd2 a5 11. a4 0-0 12. Bc3 f5 13. Qd2 d5 14. Bxa5 Rxa5 15. Qxa5 dxc4 16. Qxd8 Rxd8 17. dxc4 fxe4 18. Ng5 e3 19. fxe3 Bh6 20. Ne4 Bf5 21. Nxc5 Bxc2 22. e4 Rd4 23. b3 Bd2 24. Re2 Bc3 25. Rf1 Rd1 26. Rxc2 Bd4+ 27. Rcf2 Rd2 28. Ne6 Be3 29. g3 Rd6 30. Nc7 Rd7 31. Ne8 Rb7 32. Kg2 Bxf2 33. Rxf2 Rxb3 34. Nf6+ Kf7 35. Nxh7+ Ke8 36. Nf6+ Kd8 37. Rd2+ Kc8 38. Rd7 Rb7 39. Rxb7 Kxb7 40. Nd7 Ka6 41. h4 Ka5 42. Nxe5 Kxa4 43. Kf3 Kb4 44. Ke3 Kc3 45. c5 Ng8 46. Nxc6 1-0

[Event "Valasska Bystrice op"]
[Site "Valasska Bystrice"]
[Date "2009.09.18"]
[Round "8"]
[White "Papan, Cyril"]
[Black "Hrabal, Michal"]
[Result "0-1"]
[WhiteElo "2088"]
[BlackElo "1901"]
[PlyCount "104"]
[EventDate "2009.09.12"]
[EventType "swiss"]
[EventRounds "9"]
[EventCountry "CZE"]
[SourceTitle "CBM 132 Extra"]
[Source "ChessBase"]
[SourceDate "2009.11.03"]
[SourceVersion "1"]
[SourceVersionDate "2009.11.03"]
[SourceQuality "1"]

1. Nf3 g6 2. c4 Nf6 3. b3 Bg7 4. Bb2 0-0 5. g3 d6 6. Bg2 Nbd7 7. 0-0 e5 8. d3 Nh5 9. Nbd2 f5 10. e4 f4 11. g4 Nhf6 12. g5 Nh5 13. b4 h6 14. h4 Rf7 15. Qb3 Nf8 16. gxh6 Bxh6 17. d4 exd4 18. Bxd4 Ne6 19. Bb2 g5 20. hxg5 Nxg5 21. Nxg5 Qxg5 22. Nf3 Qg6 23. Kh2 Bg7 24. Rg1 Ng3 25. Rge1 Bxb2 26. Qxb2 Rh7+ 27. Kg1 Nxe4 28. Rxe4 Qxe4 29. Qf6 Qf5 30. Qd8+ Qf8 31. Qg5+ Rg7 32. Qh5 Qf7 33. Qh4 Bd7 34. Ng5 Qg6 35. Bd5+ Be6 36. Bxe6+ Qxe6 37. Kh2 Qg6 38. Rg1 Rf8 39. f3 Rf5 40. Nh3 Qxg1+ 41. Nxg1 Rh7 42. Kh3 Rxh4+ 43. Kxh4 Re5 44. Kg4 Re1 45. Nh3 Ra1 46. Nxf4 Rxa2 47. Ne6 Ra4 48. Kf5 Rxb4 49. Nxc7 Rxc4 50. Ne8 Rc5+ 51. Kf4 Rc6 52. Nf6+ Kf7 0-1

[Event "Ostrava op"]
[Site "Ostrava"]
[Date "2009.05.08"]
[Round "7"]
[White "Vermirovsky, Vlastimil"]
[Black "Papan, Cyril"]
[Result "1/2-1/2"]
[WhiteElo "2020"]
[BlackElo "2080"]
[PlyCount "98"]
[EventDate "2009.05.02"]
[EventType "swiss"]
[EventRounds "9"]
[EventCountry "CZE"]
[SourceTitle "EXT 2011"]
[Source "ChessBase"]
[SourceDate "2010.11.26"]
[SourceVersion "1"]
[SourceVersionDate "2010.11.26"]
[SourceQuality "1"]

1. e4 c5 2. Nf3 Nc6 3. d4 cxd4 4. Nxd4 Nf6 5. Nc3 e5 6. Ndb5 d6 7. Bg5 a6 8. Na3 b5 9. Nd5 Be7 10. Bxf6 Bxf6 11. c4 0-0 12. cxb5 Nd4 13. bxa6 Bg5 14. Bd3 Qa5+ 15. Nc3 Bxa6 16. 0-0 Rab8 17. Bxa6 Qxa6 18. Qa4 Qxa4 19. Nxa4 Rb4 20. b3 Ne2+ 21. Kh1 Rxe4 22. Rad1 Rd4 23. Nb5 Rxd1 24. Rxd1 Be7 25. g3 Rc8 26. Rd2 Nc1 27. Nbc3 Bg5 28. Rxd6 Rd8 29. Rxd8+ Bxd8 30. Kg2 Nd3 31. a3 Ne1+ 32. Kf1 Nc2 33. Nb5 Be7 34. b4 Nxb4 35. axb4 Bxb4 36. Nac3 f6 37. Ke2 h5 38. Nd5 Bc5 39. f3 Kf7 40. Ne3 g6 41. Nc3 Ke6 42. Ne4 Be7 43. Kd3 f5 44. Nc3 g5 45. Ne2 Bd6 46. Ng2 h4 47. gxh4 gxh4 48. h3 Be7 49. f4 Bd8 1/2-1/2